000 00338nam a2200133Ia 4500
008 240624s9999 xx 000 0 und d
041 _aeng
082 _a658.4033 MIS
100 _aMISHRA P N
245 _aQUANTITATIVE TECHNIQUES FOR MANAGERS
260 _c2001
_aNew Delhi
_bExcel Books
300 _aviii, : 496 : cm. ; 24
365 _cRS
999 _c2409
_d2409